000 00601cam a22002051 4500
001 e 36000210
003 DLC
005 20260227111225.0
008 820128s1935 xx 000 0 ger
010 _ae 36000210
035 _a(OCoLC)14740801
040 _aDLC
_cDNLM
_dDLC
042 _apremarc
050 0 0 _aRJ131
_b.E25
060 0 _aW6
_bP3 v.5778
100 1 _aEckhardt, Hellmut.
245 1 4 _aDie körperanlage des kindes und ihre entwicklung;
_bziel und weg einer biologischen körpererziehung,
_cvon dr. Hellmut Eckhardt ...
260 _aStuttgart,
_bF. Enke,
_c1935.
300 _a51 p.
999 _c21479
_d21479